Aplikovaná ekonometria

Saved in:
Bibliographic Details
Main Author: Husár, Jaroslav
Corporate Author: Ekonomická univerzita v Bratislave. Fakulta hospodárskej informatiky
Format: Book
Language:Slovak
Published: Bratislava Vydavateľstvo Ekonóm 1998
Subjects:
Tags: Add Tag
No Tags, Be the first to tag this record!

MARC

LEADER 00000nam a2200000 4500
001 c102681
005 20220818100402.7
020 |a 80-225-0978-7 
041 0 |a slo 
044 |a SK 
245 1 0 |a Aplikovaná ekonometria  |c Jaroslav Husár 
264 1 |a Bratislava  |b Vydavateľstvo Ekonóm  |c 1998 
300 |a 111 s. 
610 2 0 |a ekonometria 
610 2 0 |a modelovanie ekonometrické 
610 2 0 |a modely ekonomické 
610 2 0 |a zmeny štruktúrne 
610 2 0 |a modely makroekonomické 
610 2 0 |a keynesizmus 
610 2 0 |a rovnice simultánne 
100 1 |a Husár, Jaroslav 
710 2 |a Ekonomická univerzita v Bratislave. Fakulta hospodárskej informatiky